Popularne zagraniczne piosenki w Polsce. 19-25.03 Spotify - Statystyki

Ogólne statystyki
  • Ten quiz został rozwiązany 5 razy
  • Średni wynik to 9 z 30
Statystyki odpowiedzi
Wykonawca Odsłuchania Utwór % Poprawnych
Dua Lipa, DaBaby 287K Levitating
100%
The Weeknd 448K Save Your Tears
100%
The Weeknd 347K Blinding Lights
80%
Harry Styles 270K Watermelon Sugar
80%
Olivia Rodrigo 453K drivers license
60%
Riton, Nightcrawlers, Mufasa, Hypeman 504K Friday
60%
Miley Cyrus, Dua Lipa 287K Prisoner
60%
24kGoldn, iann dior 278K Mood
40%
MEDUZA, Dermot Kennedy 274K Paradise
40%
Tiesto 386K The Business
40%
Ofenbach, Lagique 259K Wasted Love
40%
The Kid LAROI 209K WITHOUT YOU
40%
Robin Schulz, KIDDO 212K All We Got
20%
Alok, Ilkay Sencan, Tove Lo 223K Don't Say Goodbye
20%
Joel Corry, MNEK 217K Head & Heart
20%
Ava Max 248K My Head & My Heart
20%
Justin Bieber, Daniel Caesar, Giveon 308K Peaches
20%
Doja Cat 306K Streets
20%
The Neighbourhood 269K Sweater Weather
20%
Dua Lipa 259K We're Good
20%
Tate McRae 215K you broke me first
20%
Duncan Laurence 214K Arcade
0%
Masked Wolf 399K Astronaut In The Ocean
0%
The Neighbourhood 192K Daddy Issues
0%
Ofenbach, Quarterhead, Norma Jean Martine 210K Head Shoulders Knees & Toes
0%
Justin Bieber 251K Hold On
0%
ElyOtto 196K SugarCrash!
0%
Kali Uchis 225K telepatia
0%
Cardi B 197K Up
0%
ATB, Topic, A7S 253K Your Love (9PM)
0%
Nie znaleziono quizów pasujących do podanych kryteriów
Rozkład punktacji
Procent ludzi z każdym wynikiem
Percentyl według liczby udzielonych odpowiedzi
Twoja historia wyników
Nie rozwiązałeś tego quizu